Statistiques concernant Culture Générale - Série 430

Cliquez ici pour prendre le quiz!

Statistiques générales

  • Ce quiz a été pris 208 fois
  • Le résultat moyen est 5 sur 10

Statistiques - réponses

QuestionRéponse% Correct
Quelle partie du visage peut être "bée", "en coeur" ou "en cul de poule" ?bouche
99%
De quel pays le volcan Fuji-Yama est-il le point culminant ?Japon
98%
Selon l'expression populaire que tire-t-on du nez de quelqu'un quand on veut lui arracher des secrets ?vers
98%
De quelle nationalité est le célèbre héros d'Agatha Christie, le détective Hercule Poirot ?belge
86%
Quel chanteur populaire Jean‐Luc Godard fait‐il tourner dans son film "Détective" en 1985 ?Johnny Hallyday
43%
Quel animal est l'ennemi juré de la souris Basil, détective privé ?rat
38%
Dans quelle série de télévision Angela Lansbury interprète‐t‐elle une romancière, qui est aussi détective amateur ?Arabesque
35%
Quel chanteur français reprend une chanson de Chuck Berry, en 1964, sous le titre "Détective privé" ?Eddy Mitchell
22%
En 1833, quel ancien chef de la police a ouvert en France la première agence moderne de détectives ?Vidocq
21%
Quel est le prénom de l'assistante et secrétaire de Nestor Burma, le personnage fétiche de Léo Malet ?Hélène
6%

Distribution des résultats

Percentile par nombre de réponses

% des personnes avec chaque résultat

Votre développement - résultats

Vous n’avez pas pris ce quiz